[Event "Bad Woerishofen Seniors op 17th"]
[Site "Bad Woerishofen"]
[Date "2001.03.23"]
[Round "9"]
[White "Geckle, Gerhard"]
[Black "Assaloni, Herbert"]
[Result "0-1"]
[WhiteElo "1531"]
[BlackElo "1720"]
[PlyCount "98"]
[EventDate "2001.03.??"]
[EventType "swiss"]
[EventRounds "9"]
[EventCountry "GER"]
[SourceTitle "EXT 2002"]
[Source "ChessBase"]
[SourceDate "2001.11.25"]
[SourceVersion "1"]
[SourceVersionDate "2001.11.25"]
[SourceQuality "1"]

1. e4 e5 2. Nf3 Nc6 3. Bc4 Nd4 4. c3 Nxf3+ 5. Qxf3 Nf6 6. d3 Be7 7. 0-0 h6 8. Qd1 0-0 9. f4 exf4 10. Bxf4 b5 11. Bb3 a5 12. e5 Nh7 13. Qf3 c6 14. Bxh6 gxh6 15. Bxf7+ Kh8 16. Nd2 Ng5 17. Qh5 Nxf7 18. Rxf7 Rxf7 19. Qxf7 Qf8 20. Rf1 Qxf7 21. Rxf7 Bg5 22. Ne4 Ba6 23. Nf6 Bxf6 24. exf6 Rd8 25. Re7 Kg8 26. f7+ Kf8 27. Re8+ Rxe8 28. fxe8Q+ Kxe8 29. Kf2 d5 30. d4 a4 31. a3 Kf7 32. Kg3 Kf6 33. Kf4 Bc8 34. h3 Bf5 35. g4 Bd3 36. h4 Bb1 37. g5+ hxg5+ 38. hxg5+ Ke6 39. Kg4 Bg6 40. Kf4 Bh5 41. Kg3 Kf5 42. Kh4 Bg6 43. Kg3 Ke4 44. Kg4 Kd3 45. Kf4 Kc2 46. Ke5 Kxb2 47. Kd6 Kxa3 48. Kxc6 Kb3 49. Kxb5 a3 0-1

[Event "Bad Woerishofen Seniors op 17th"]
[Site "Bad Woerishofen"]
[Date "2001.03.16"]
[Round "2"]
[White "Hoeppner, Hans1111"]
[Black "Assaloni, Herbert"]
[Result "0-1"]
[WhiteElo "1690"]
[BlackElo "1720"]
[PlyCount "120"]
[EventDate "2001.03.??"]
[EventType "swiss"]
[EventRounds "9"]
[EventCountry "GER"]
[SourceTitle "EXT 2002"]
[Source "ChessBase"]
[SourceDate "2001.11.25"]
[SourceVersion "1"]
[SourceVersionDate "2001.11.25"]
[SourceQuality "1"]

1. e3 e5 2. Ne2 Nc6 3. Ng3 d5 4. d3 Nf6 5. Nh5 Be6 6. Nd2 g6 7. Nxf6+ Qxf6 8. Be2 Qg5 9. g3 Bh3 10. Nf3 Qf6 11. c3 Rd8 12. Bd2 Bg7 13. Rg1 0-0 14. g4 e4 15. Nd4 exd3 16. Bxd3 Ne5 17. Be2 c5 18. g5 Qb6 19. Nf3 Bf5 20. Nxe5 Bxe5 21. f4 Bg7 22. Qb3 Qc7 23. h4 c4 24. Qd1 Rfe8 25. Rg2 f6 26. Kf2 fxg5 27. hxg5 Qb6 28. Rh2 Re7 29. Bf3 Qxb2 30. Kg3 Bxc3 31. Bxc3 Qxc3 32. Rc1 Qa5 33. Qd4 Be4 34. Bxe4 Rxe4 35. Qf6 Rxe3+ 36. Kg4 Qc7 37. Rxh7 Qc8+ 38. f5 Qxf5+ 39. Qxf5 gxf5+ 40. Kf4 Re4+ 41. Kxf5 Kxh7 42. g6+ Kg7 43. Rh1 Rf8+ 44. Kg5 Re5+ 45. Kg4 Rf2 46. Rh7+ Kxg6 47. Rxb7 Rxa2 48. Rc7 Re4+ 49. Kf3 Ra3+ 50. Kf2 a5 51. Rc8 Rf4+ 52. Ke2 Rh4 53. Rg8+ Kf7 54. Rg2 Ra2+ 55. Kf3 Rxg2 56. Kxg2 Kf6 57. Kf2 Ke5 58. Ke2 Rh3 59. Kd2 Ke4 60. Ke2 d4 0-1